Cẩm nang thiết lập trang Web với Frontpage 2000
保存先:
| 第一著者: | |
|---|---|
| フォーマット: | 図書 |
| 言語: | Undetermined |
| 出版事項: |
Tp. HCM
Thống Kê
2000
|
| 主題: | |
| タグ: |
タグ追加
タグなし, このレコードへの初めてのタグを付けませんか!
|
| Thư viện lưu trữ: | Trung tâm Học liệu Trường Đại học Cần Thơ |
|---|
| LEADER | 00623nam a2200193Ia 4500 | ||
|---|---|---|---|
| 001 | CTU_36975 | ||
| 008 | 210402s9999 xx 000 0 und d | ||
| 020 | |b 20.000đ | ||
| 082 | |a 005.376 | ||
| 082 | |b H407 | ||
| 100 | |a Đặng Minh Hoàng | ||
| 245 | 0 | |a Cẩm nang thiết lập trang Web với Frontpage 2000 | |
| 245 | 0 | |c Đặng Minh Hoàng | |
| 260 | |a Tp. HCM | ||
| 260 | |b Thống Kê | ||
| 260 | |c 2000 | ||
| 650 | |a microsoft frontpage ( computer programs ),world wide web ( information retrieval system ) | ||
| 904 | |i Minh, 000615 | ||
| 980 | |a Trung tâm Học liệu Trường Đại học Cần Thơ | ||